Liste des noms de Pokémon finissant par K - Statistiques

Statistiques générales
  • Ce quiz a été pris 52 fois
  • Le résultat moyen est 7 sur 22
Statistiques - réponses
Pokémon % Correct
Akwakwak
67%
Psykokwak
67%
Regirock
52%
Carchacrok
48%
Élektek
48%
Arbok
43%
Judokrak
43%
Drattak
38%
Khélocrok
38%
Crikzik
29%
Mélokrik
29%
Momartik
29%
Pomdepik
29%
Qwilpik
29%
Wattapik
29%
Tortank
24%
Zoroark
24%
Ninjask
19%
Spoink
19%
Statitik
19%
Pierroteknik
14%
Soporifik
14%
Aucun quiz correspondant
Distribution des résultats
% des personnes avec chaque résultat
Percentile par nombre de réponses
Votre historique - résultats
Vous n’avez pas pris ce quiz